¿De Qué Idioma Viene Esta Palabra? - Estadísticas

Estadísticas generales
  • Esta prueba ha sido intentada 104 veces
  • La puntuación promedio es 10 de 20
Estadísticas de respuestas
Préstamos Idioma % Correcto
Bullying, Fútbol, Test Inglés
94%
Capricho, Empresa, Pizza Italiano
81%
Biombo, Karaoke, Tsunami Japonés
71%
Ajedrez, Álgebra, Ojalá Árabe
63%
Aquelarre, Bacalao, Izquierda Euskera
57%
Aristócrata, Bulevar, Chef Francés
57%
Batucada, Mermelada, Tifón Portugués
56%
Beluga, Cosmonauta, Gulag Ruso
56%
Fobia, Política, Teoría Griego
55%
Acordeón, Búnker, Cuarzo Alemán
48%
Acuario, Cuórum, Fauna Latín
48%
Cacahuete, Cacao, Chocolate Náhuatl
44%
Ananá, Capibara, Coatí Guaraní
40%
Kétchup, Mandarina, Té Chino
39%
Kayak, Iglú Inuktitut
38%
Cancha, Choclo, Puma Quechua
38%
Añoranza, Faena, Nácar Catalán
27%
Betún, Cenote, Cigarro Maya Yucateco
26%
Caimán, Canoa, Tabaco Taíno
17%
Conga, Dengue, Mucama Kikongo
1%
No se encontraron pruebas coincidentes
Distribución de puntuación
Porcentaje de gente con cada puntuación
Porcentaje por número respondido
Historial de tus puntuaciones
No has intentado esta prueba.